000 00316nam a2200133Ia 4500
100 _aBruno/ E.J.
942 _cRB
654 _aModern Marketing
245 _aAdhesives in Modern Marketing
260 _bSociety of Manufacturing Engineers
_aMichigan
_c1970
082 _a668.3
300 _a183
546 _aENGLISH
999 _c19599
_d19599